00845nam a22002414a 450000500170000000800410001701000140005802000110007203500130008303700150009604000180011108200140012910000180014324501010016124600800026226000420034230000330038449000300041750000510044765000370049865000300053571000380056520080801132735.0080219s2007 ii b 001 0 eng  aENG-91803 c320.00 aEN-75336 bDBAD / PUB adplbEnglish  a305.40954 aDatta, Kusum. aWomen's studies, and women's movement in India since the 1970s :ban overview /cby Kusum Datta. aWomen's studies, and women's movement in India since the nineteen seventies aKolkata :bThe Asiatic Society,c2007 axxiii, 342 p. ;c23 cm (Hb)  aMonograph series ; no. 47 aIncludes bibliographical references and index. aWomen's studieszIndiaxHistory. aFeminismzIndiaxHistory. aAsiatic Society (Calcutta, India)